Представление документа в формате MARC21

ПолеНазваниеЗначение
  Тип записи a
  Библиографический уровень m
001 Контрольный номер RU/URAIT/588778
005 Дата корректировки 20260429163647.8
008 Кодируемые данные 260429s2026 RU y f j 000 0 rus u
020 Индекс ISBN __
a ISBN 978-5-534-14960-9
c Цена, тираж 1209.00
040 Источник каталогиз. __
a Служба первич. каталог. ИКО Юрайт
c Служба, преобразующая запись ИКО Юрайт
e Правила каталог. RCR
041 Код языка издания __
a Код языка текста rus
044 Код страны публикации __
a Код страны публикации RU
080 Индекс УДК __
a Индекс УДК 376(075.8)
084 Индекс другой классификации/Индекс ББК __
2 Источник индекса rubbk
a Индекс другой классификации/Индекс ББК 74.5я73
100 Автор __
a Автор Козырева О. А.
q Полное имя Козырева Ольга Анатольевна
245 Заглавие __
a Заглавие Современные проблемы науки и специального (дефектологического) образования
b Продолж. заглавия учебник для вузов
c Ответственность О. А. Козырева.
250 Сведения об издании __
a Основные сведения об издании 2-е изд.
256 Характеристики компьютерного файла __
a Характеристики компьютерного файла Электрон. дан.
260 Выходные данные __
a Место издания Москва
b Издательство Юрайт
c Дата издания 2026
300 Физическое описание __
a Объем 211 с
440 Серия __
a Серия Высшее образование
500 Примечания __
a Примечание URL: https://urait.ru/bcode/588778 (дата обращения: 29.04.2026).
520 Аннотация __
a Аннотация В учебнике раскрываются актуальные вопросы инклюзивного образования. Проведен анализ инклюзивной образовательной среды как целостной педагогической системы. Рассмотрены теоретические и методические подходы к построению практики инклюзии; подходы к построению модели инклюзивного образования студентов-инвалидов в условиях вуза; теоретические, методические и практические вопросы организации процесса комплексного медико-социального и психолого-педагогического сопровождения детей с ОВЗ, студентов-инвалидов в процессе обучения в вузе. Для студентов высших учебных заведений, обучающихся по педагогическим направлениям.
538 Прим. о системных особенностях __
a Прим. о системных особенностях Режим доступа: Электронно-библиотечная система Юрайт, для авториз. пользователей
653 Ключевые слова __
a Ключевые слова Специальная педагогика и психология. Дефектология. Логопедия
653 Ключевые слова __
a Ключевые слова Педагогика, психология, социальная работа
653 Ключевые слова __
a Ключевые слова Современные проблемы науки и специального дефектологического образования
653 Ключевые слова __
a Ключевые слова Инклюзивное образование
653 Ключевые слова __
a Ключевые слова Инклюзивное образование в России и за рубежом
653 Ключевые слова __
a Ключевые слова Основы инклюзивного образования
653 Ключевые слова __
a Ключевые слова Психологическая диагностика в специальном образовании
653 Ключевые слова __
a Ключевые слова Психолого-педагогическая коррекция в специальном образовании
653 Ключевые слова __
a Ключевые слова Психотерапия в специальном образовании
653 Ключевые слова __
a Ключевые слова Психологическая служба в специальном образовании
653 Ключевые слова __
a Ключевые слова Инклюзивное образование детей дошкольного возраста
653 Ключевые слова __
a Ключевые слова Инклюзивное образование детей с ОВЗ
653 Ключевые слова __
a Ключевые слова Проблемы инклюзивного образования детей с ОВЗ
653 Ключевые слова __
a Ключевые слова Инклюзивное образование детей с ограниченными возможностями здоровья
653 Ключевые слова __
a Ключевые слова Психологическая служба в специальном и инклюзивном образовании
653 Ключевые слова __
a Ключевые слова Психологическая служба в системе специального образования
653 Ключевые слова __
a Ключевые слова Современные системы специального образования
653 Ключевые слова __
a Ключевые слова Содержание специального образования
653 Ключевые слова __
a Ключевые слова Специальные образовательные условия обучения детей с ОВЗ
653 Ключевые слова __
a Ключевые слова Технологии специального образования
653 Ключевые слова __
a Ключевые слова Специальные условия образования лиц с ОВЗ
653 Ключевые слова __
a Ключевые слова Введение в дефектологию, логопедию и инклюзивное образование
653 Ключевые слова __
a Ключевые слова Естественно-научные основы дефектологии, логопедии и инклюзивного образования
653 Ключевые слова __
a Ключевые слова Инклюзивное образование ребенка с ОВЗ
653 Ключевые слова __
a Ключевые слова Психотерапевтические технологии в дефектологическом образовании
653 Ключевые слова __
a Ключевые слова Организация работы психолога в условиях специального образования
653 Ключевые слова __
a Ключевые слова Психолого-педагогическое консультирование в специальном и инклюзивном образовании
653 Ключевые слова __
a Ключевые слова Специальная психология в образовании
653 Ключевые слова __
a Ключевые слова Современные проблемы дефектологического образования
653 Ключевые слова __
a Ключевые слова Инклюзивное образование лиц с ЗПР
653 Ключевые слова __
a Ключевые слова Инклюзивное образование лиц с нарушениями слуха
653 Ключевые слова __
a Ключевые слова Инклюзивное образование лиц с ОВЗ
653 Ключевые слова __
a Ключевые слова Инклюзивное образование лиц с ограниченными возможностями здоровья
653 Ключевые слова __
a Ключевые слова Организация и содержание деятельности психолога специального (коррекционного) образования
653 Ключевые слова __
a Ключевые слова Психологическое консультирование в специальном (коррекционном) образовании
653 Ключевые слова __
a Ключевые слова Система психологической помощи в сфере общего, специального (коррекционного) и инклюзивного образования
653 Ключевые слова __
a Ключевые слова Основы специальной психологии в образовании
653 Ключевые слова __
a Ключевые слова Организация коррекционно-развивающей работы в инклюзивном образовании
653 Ключевые слова __
a Ключевые слова Социокультурная реабилитация детей-инвалидов
653 Ключевые слова __
a Ключевые слова Специальное и инклюзивное образование в современном мире
653 Ключевые слова __
a Ключевые слова Современные проблемы дефектологической науки и образования
653 Ключевые слова __
a Ключевые слова Инклюзивное образование лиц c ограниченными возможностями здоровья
653 Ключевые слова __
a Ключевые слова Ассистивные технологии в специальном инклюзивном образовании
653 Ключевые слова __
a Ключевые слова Организация специального и инклюзивного образования в школе
653 Ключевые слова __
a Ключевые слова Инклюзивное образование детей с ОВЗ дошкольной дефектологии
653 Ключевые слова __
a Ключевые слова Инклюзивное образование дошкольников с ОВЗ
653 Ключевые слова __
a Ключевые слова Инклюзивное образование обучающихся с ОВЗ
653 Ключевые слова __
a Ключевые слова Организация специального и инклюзивного образования
653 Ключевые слова __
a Ключевые слова Психолого-педагогические основы специального и инклюзивного образования
653 Ключевые слова __
a Ключевые слова Психолого-педагогическая диагностика в специальном и инклюзивном образовании
653 Ключевые слова __
a Ключевые слова Инклюзивное образование для обучающихся с ограниченными возможностями здоровья
653 Ключевые слова __
a Ключевые слова Основы дефектологии в инклюзивном образовании
653 Ключевые слова __
a Ключевые слова Основы специального и инклюзивного образования
653 Ключевые слова __
a Ключевые слова Основы коррекционной педагогики и инклюзивного образования
653 Ключевые слова __
a Ключевые слова Основы коррекционной педагогики и инклюзивного образования младших школьников
856 Электронный адрес документа 40
n Местонахождение сервера Юрайт
g Электронная книга
q Тип электронного формата html
h Имя пользователя ЮРАЙТ
v Часы доступа к ресурсу 20271231
2 Способ доступа Показать документ
x Служебное примечание https://urait.ru/book/cover/9982A7D4-2736-402E-9395-ACA870DC277F
u URL https://urait.ru/bcode/588778
856 Электронный адрес документа 48
q Тип электронного формата cover
u URL https://urait.ru/book/cover/9982A7D4-2736-402E-9395-ACA870DC277F
911 __
u 0030=https://urait.ru/bcode/588778
911 __
u 073a=9785534149609
u 073d=1209.00
911 __
u 106a=s
911 __
u 900l=
952 Тип литературы __
i Дисциплина Современные проблемы науки и специального дефектологического образования
952 Тип литературы __
i Дисциплина Инклюзивное образование
952 Тип литературы __
i Дисциплина Инклюзивное образование в России и за рубежом
952 Тип литературы __
i Дисциплина Основы инклюзивного образования
952 Тип литературы __
i Дисциплина Психологическая диагностика в специальном образовании
952 Тип литературы __
i Дисциплина Психолого-педагогическая коррекция в специальном образовании
952 Тип литературы __
i Дисциплина Психотерапия в специальном образовании
952 Тип литературы __
i Дисциплина Психологическая служба в специальном образовании
952 Тип литературы __
i Дисциплина Инклюзивное образование детей дошкольного возраста
952 Тип литературы __
i Дисциплина Инклюзивное образование детей с ОВЗ
952 Тип литературы __
i Дисциплина Проблемы инклюзивного образования детей с ОВЗ
952 Тип литературы __
i Дисциплина Инклюзивное образование детей с ограниченными возможностями здоровья
952 Тип литературы __
i Дисциплина Психологическая служба в специальном и инклюзивном образовании
952 Тип литературы __
i Дисциплина Психологическая служба в системе специального образования
952 Тип литературы __
i Дисциплина Современные системы специального образования
952 Тип литературы __
i Дисциплина Содержание специального образования
952 Тип литературы __
i Дисциплина Специальные образовательные условия обучения детей с ОВЗ
952 Тип литературы __
i Дисциплина Технологии специального образования
952 Тип литературы __
i Дисциплина Специальные условия образования лиц с ОВЗ
952 Тип литературы __
i Дисциплина Введение в дефектологию, логопедию и инклюзивное образование
952 Тип литературы __
i Дисциплина Естественно-научные основы дефектологии, логопедии и инклюзивного образования
952 Тип литературы __
i Дисциплина Инклюзивное образование ребенка с ОВЗ
952 Тип литературы __
i Дисциплина Психотерапевтические технологии в дефектологическом образовании
952 Тип литературы __
i Дисциплина Организация работы психолога в условиях специального образования
952 Тип литературы __
i Дисциплина Психолого-педагогическое консультирование в специальном и инклюзивном образовании
952 Тип литературы __
i Дисциплина Специальная психология в образовании
952 Тип литературы __
i Дисциплина Современные проблемы дефектологического образования
952 Тип литературы __
i Дисциплина Инклюзивное образование лиц с ЗПР
952 Тип литературы __
i Дисциплина Инклюзивное образование лиц с нарушениями слуха
952 Тип литературы __
i Дисциплина Инклюзивное образование лиц с ОВЗ
952 Тип литературы __
i Дисциплина Инклюзивное образование лиц с ограниченными возможностями здоровья
952 Тип литературы __
i Дисциплина Организация и содержание деятельности психолога специального (коррекционного) образования
952 Тип литературы __
i Дисциплина Психологическое консультирование в специальном (коррекционном) образовании
952 Тип литературы __
i Дисциплина Система психологической помощи в сфере общего, специального (коррекционного) и инклюзивного образования
952 Тип литературы __
i Дисциплина Основы специальной психологии в образовании
952 Тип литературы __
i Дисциплина Организация коррекционно-развивающей работы в инклюзивном образовании
952 Тип литературы __
i Дисциплина Социокультурная реабилитация детей-инвалидов
952 Тип литературы __
i Дисциплина Специальное и инклюзивное образование в современном мире
952 Тип литературы __
i Дисциплина Современные проблемы дефектологической науки и образования
952 Тип литературы __
i Дисциплина Инклюзивное образование лиц c ограниченными возможностями здоровья
952 Тип литературы __
i Дисциплина Ассистивные технологии в специальном инклюзивном образовании
952 Тип литературы __
i Дисциплина Организация специального и инклюзивного образования в школе
952 Тип литературы __
i Дисциплина Инклюзивное образование детей с ОВЗ дошкольной дефектологии
952 Тип литературы __
i Дисциплина Инклюзивное образование дошкольников с ОВЗ
952 Тип литературы __
i Дисциплина Инклюзивное образование обучающихся с ОВЗ
952 Тип литературы __
i Дисциплина Организация специального и инклюзивного образования
952 Тип литературы __
i Дисциплина Психолого-педагогические основы специального и инклюзивного образования
952 Тип литературы __
i Дисциплина Психолого-педагогическая диагностика в специальном и инклюзивном образовании
952 Тип литературы __
i Дисциплина Инклюзивное образование для обучающихся с ограниченными возможностями здоровья
952 Тип литературы __
i Дисциплина Основы дефектологии в инклюзивном образовании
952 Тип литературы __
i Дисциплина Основы специального и инклюзивного образования
952 Тип литературы __
i Дисциплина Основы коррекционной педагогики и инклюзивного образования
952 Тип литературы __
i Дисциплина Основы коррекционной педагогики и инклюзивного образования младших школьников